000 00319nam a2200145Ia 4500
005 20251222153600.0
008 251222s9999||||xx |||||||||||||| ||spa||
020 _a8432043435
082 _a150.195.2/C68
100 _aClark, Ronald W.
245 0 _aFreud:
250 _a1ra. ed.
264 _bPlaneta
942 _cLIB
999 _c31194
_d31194